000 00832nam a2200253Ia 4500
005 20250117103607.0
008 008 250103s9999 xx 000 0 eng d
020 _a9781785618376
037 _aTextual
040 _aCSL
_beng
_cCSL
041 _aeng
_2eng
084 _aC21:(D) R0
_qCSL
245 0 _aNanoantennas and plaemonics: Modelling, design and fabrication
_cWerner, Douglas H (Ed.); Campbell, Sawyer D (Ed.); Kang, Lei (Ed.)
260 _aUnited Kingdom
_bIET
_c2020
300 _axv, 454p. ill.
650 _a Coherent control
_9734088
650 _a Inverse-design
_9734089
650 _aPhysics
700 _a Campbell, Sawyer D (Ed.)
_9734090
700 _a Kang, Lei (Ed.)
_9734091
700 _aWerner, Douglas H (Ed.)
_9734092
942 _cTEXL
_hC21:(D) R0
999 _c1237826
_d1237826